Statistiques concernant Culture générale - Quiz #10

Cliquez ici pour prendre le quiz!

Statistiques générales

  • Ce quiz a été pris 16 841 fois
  • Le résultat moyen est 10 sur 20

Statistiques - réponses

QuestionRéponse% Correct
Que signifie le V dans "OVNI" ?Volant
92%
De quelle ville Louis de Funès est-il le gendarme dans un film de 1964 ?Saint-Tropez
73%
Quel est l'ingrédient principal du houmous ?Le pois chiche
70%
Quel organe interne du corps humain est le plus lourd ?Le foie
63%
Quelle est la céréale la plus cultivée au monde ?Le maïs
61%
Comment appelle-t-on un habitant de Moscou ?Un moscovite
61%
Quel pays a pour capitale Oulan-Bator ?La Mongolie
58%
Quel roman espagnol parle d'un gentilhomme se prenant pour un chevalier et combattant des moulins à vent ?Don Quichotte
56%
Quel pays, peuplé par seulement 5 millions d'habitants, a remporté plus de médailles aux JO d'hiver que n'importe quel autre ?La Norvège
54%
Qu'est-ce qui peut être un panama, un melon ou un fez ?Un chapeau
51%
Quelle cité-état antique a été dirigée par le roi Léonidas ?Sparte
44%
Quelle espèce d'arbres peut atteindre la plus grande hauteur ?Les séquoias
41%
Quel prénom partagent les actrices Huppert et Gélinas ?Isabelle
40%
Quelle pierre fine violette tire son nom du grec signifiant "ne pas être ivre" ?L'améthyste
40%
Quelle molécule de formule chimique C12H22O11 compose le sucre en poudre ?Le saccharose
34%
Quelle est la grande ville la plus à l'ouest de l'Australie ?Perth
34%
Quel nom est donné à une cour intérieure d'un bâtiment, généralement bordée d'une galerie et typique de l'architecture méditerranéenne ?Un patio
31%
De quel pays le ceviche est-il une spécialité ?Pérou
29%
Quel élément chimique a pour symbole Sn ?L'étain
22%
Dans la genèse, en quoi fut changée la femme de Loth ?En pilier de {sel}
18%

Distribution des résultats

Percentile par nombre de réponses

% des personnes avec chaque résultat

Votre développement - résultats

Vous n’avez pas pris ce quiz